| 000 | 01201cam a22002771 4500 | ||
|---|---|---|---|
| 001 | gs 26000047 | ||
| 003 | DLC | ||
| 005 | 20260227111330.0 | ||
| 008 | 780330s1925 xx 000 0 eng c | ||
| 010 | _ags 26000047 | ||
| 035 | _a(OCoLC)3764370 | ||
| 040 |
_aU.S. Geological Survey _cOT _dDLC |
||
| 050 | 0 | 0 |
_aQE375 _b.R5 |
| 100 | 1 |
_aRichardson, Charles Henry, _d1862-1935. |
|
| 245 | 1 | 4 |
_aThe mineralogy of Kentucky; _ba description of the physical and chemical properties of minerals native to Kentucky, _cby Charles Henry Richardson. Presented with two separate geological papers by James S. Hudnall, E. F. Cash and C. A. Allen. |
| 260 |
_aFrankfort, _bThe Kentucky geological survey, _c1925. |
||
| 300 |
_a[8], 170 p. _bfront., illus., 4 fold. pl. (incl. map) tables. _c24 cm. |
||
| 490 | 0 |
_aKentucky. Geological survey, 1920. Ser. VI. _vv. 27 |
|
| 500 | _aThe Elkhorn coal field, by J. S. Hudnall: p. 131-133. | ||
| 500 | _aCoal losses in Kentucky, by F. E. Cash and C. A. Allen: p. 135-170. | ||
| 650 | 0 |
_aMineralogy _zKentucky. |
|
| 650 | 0 |
_aCoal _zKentucky. |
|
| 700 | 1 |
_aHudnall, James S., _ejoint author. |
|
| 700 | 1 | _aCash, E. F. | |
| 700 | 1 |
_aAllen, C. A. _q(Carl Alton), _d1883-1923. |
|
| 999 |
_c26434 _d26434 |
||